000 00463nam a2200181Ia 4500
001 8389
005 20260306160605.0
008 260306t2014||||xx |||||||||||||| ||spa||
041 _aESP
082 _a370.7
_bZ911M
100 _aZabiría Samper, Julián de
_eAUT
245 0 _aLos modelos pedagógicos:
_bhacía una pedagogía dialogante
260 _c2014
300 _a245 páginas :
_c24 cm.
650 _aGEN
654 _aCED
942 _cLIB
_dJUS
_fJUS
_2ddc
_n
999 _c8389
_d8389